000 00968cam a2200289 i 4500
001 2738657
003 OSt
005 20151102183556.0
008 781227s1978 nyua b 001 0 eng
010 _a 78053757
020 _a0486636771 :
_c$6.50
040 _aDLC
_cDLC
_dDLC
050 0 0 _aQA273
_b.P4 1978
082 0 0 _a519.2
_bPFE 1979
100 1 _aPfeiffer, Paul E.
_95941
245 1 0 _aConcepts of probability theory /
_cby Paul E. Pfeiffer.
250 _a2d rev. ed.
260 _aNew York :
_bDover Publications,
_c1978.
300 _aix, 405 p. :
_bill. ;
_c21 cm.
500 _aIncludes index.
504 _aBibliography: p. [394]-397.
650 0 _aProbabilities.
_92821
856 4 2 _3Publisher description
_uhttp://www.loc.gov/catdir/description/dover033/78053757.html
856 4 1 _3Table of contents only
_uhttp://www.loc.gov/catdir/enhancements/fy1318/78053757-t.html
906 _a7
_bcbc
_corignew
_d2
_eocip
_f19
_gy-gencatlg
942 _2ddc
_cSLOAN
999 _c2381
_d2381